书目信息 |
| 题名: |
现代微生物发酵及技术教程
|
|
| 作者: | 罗大珍 , 林稚兰 主编 | |
| 分册: | ||
| 出版信息: | 北京 北京大学出版社 2006.09 |
|
| 页数: | 357页 | |
| 开本: | 26cm | |
| 丛书名: | ||
| 单 册: | ||
| 中图分类: | TQ920.1 | |
| 科图分类: | ||
| 主题词: | 发酵学--fa jiao xue--微生物学--高等学校--教材 | |
| 电子资源: | ||
| ISBN: | 7-301-09922-3 | |
| 000 | 00998nam0 2200265 450 | |
| 001 | 012007734141 | |
| 005 | 20070926101653.18 | |
| 010 | @a7-301-09922-3@dCNY39.00 | |
| 100 | @a20070724d2006 km y0chiy0120 ea | |
| 101 | 0 | @achi |
| 102 | @aCN@b110000 | |
| 105 | @aa a 000yy | |
| 200 | 1 | @a现代微生物发酵及技术教程@Axian dai wei sheng wu fa jiao ji ji shu jiao cheng@f罗大珍, 林稚兰主编@Fluo da zhen,lin zhi lan zhu bian |
| 210 | @a北京@c北京大学出版社@d2006.09 | |
| 215 | @a357页@c图@d26cm | |
| 312 | @a英文并列题名取自封面。 | |
| 320 | @a有书目 (第353-357页)。 | |
| 330 | @a本书共分十四章,包括菌种的选育和保藏、微生物的代谢调控理论、发酵工程学基础、发酵产物的提取和纯化、酶及细胞固定化、基因工程育种等。 | |
| 510 | 1 | @aModern microbial fermentation and technology@zeng |
| 606 | 0 | @a发酵学@Afa jiao xue@x微生物学@x高等学校@j教材 |
| 690 | @aTQ920.1@v4 | |
| 701 | 0 | @a罗大珍@Aluo da zhen@4主编 |
| 701 | 0 | @a林稚兰@Alin zhi lan@4主编 |
| 801 | 0 | @aCN@c20070926 |
| 905 | @dTQ920.1@eL939 | |
| 现代微生物发酵及技术教程/罗大珍, 林稚兰主编.-北京:北京大学出版社,2006.09 |
| 357页:图;26cm |
| ISBN 7-301-09922-3:CNY39.00 |
| 本书共分十四章,包括菌种的选育和保藏、微生物的代谢调控理论、发酵工程学基础、发酵产物的提取和纯化、酶及细胞固定化、基因工程育种等。 |
| ● |
| 相关链接 |
|
|
|
正题名:现代微生物发酵及技术教程
索取号:TQ920.1/L939
 
预约/预借
| 序号 | 登录号 | 条形码 | 馆藏地/架位号 | 状态 | 备注 |
| 1 | 247128 | 202471280 | 自科库501/501自科库 41排2列5层/ [索取号:TQ920.1/L939] | 在馆 | |
| 2 | 247129 | 202471299 | 自科库501/501自科库 41排2列5层/ [索取号:TQ920.1/L939] | 在馆 |